H Vocabulary Words - Statistics

General Stats
  • This quiz has been taken 1,665 times
  • The average score is 9 of 13
Answer Stats
Hint Answer % Correct
A place of medical treatment Hospital
98%
The gathering of crops Harvest
90%
Game involving curved sticks Hockey
84%
The pulsation of the heart Heartbeat
79%
A person/held as security for the fulfillment of a condition Hostage
75%
A robbery Heist
73%
The natural environment of an organism Habitat
70%
A protein responsible for transporting oxygen into the blood Haemoglobin
70%
Condition of having an abnormally low body temperature Hypothermia
70%
Involves preventing spread of disease (through cleanliness) Hygiene
65%
An exaggerated statement Hyperbole
60%
A young female cow that was not born a calf Heifer
53%
Causing lightheared laughter or amusement Humorous
42%
No matching quizzes found
Score Distribution
Percent of People with Each Score
Percentile by Number Answered
Your Score History
You have not taken this quiz